000 01490cam a2200313 a 4500
001 83165
003 BD-RjUL
005 20240227123247.0
008 240227q19531954ir a b 000 0 perr
035 _a(BD-RjUL) 83165
040 _aDLC
_cDLC
_dDLC
_beng
041 _aper
082 _223
_a955.024
_bBAT 1953-1954
100 1 _aBayhaqī, Abū al-Faz̤l Muḥammad ibn Ḥusayn,
_dapproximately 996-1077.
_911932
245 1 0 _aتاریخ مسعودی : معروف به تاریخ بیهقی / Tārīkh-i Masʿūdī : maʿrūf bih tārīkh-i Bayhaqī /
_caz Abū al-Faz̤l Muḥammad ibn Ḥusayn Kātib Bayhaqī ; bā muqābalah va taṣḥīḥ va havashī va taʻlīqat-i Saʻīd Nafisi ابو الفضل محمد بن حسين كاتب بيهقي ؛ يا مقابله وتصيح وحواشي وتعليقات سعيد نفيسي
260 _a[Tehran] : تهران,
_bIntishārāt-i Kitābkhānah-ʼi Sanāʼī,انتشارات دانشگاه تهران, تهران,
_c1953-1954
300 _a3 v. (8, 1596 p.) :
_bill. ;
_c25 cm.
490 _aIntishārāt-i Dānishgāh-i Tihrān
_v172
500 _aIn Persian.
504 _aIncludes bibliographical references.
505 _aVol. 3.--
650 0 _aGhaznevids.
_911933
651 0 _aIran
_xHistory
_y640-1256.
_910110
651 0 _aAfghanistan
_xHistory.
_911934
700 1 _aNafīsī, Saʻid,
_d1895-1966.
_911911
830 _aIntishārāt-i Dānishgāh-i Tihrān
_v172
942 _2ddc
_cBK
999 _c83165
_d83165